000 01390nam a2200349 a 4500
001 0000343
003 DO-SdBNP
005 20160706091913.0
007 0000343
008 091125s2013 dr a 000 0 spa d
020 _a9789945174915
040 _aBPMSU
_bspa
_cBPMSU
092 _a373.53
_bF537e 2do. 2013
245 0 0 _aFísica 2 :
_beducación media /
_ccolaboración ; Pablo Smester ... [et al.] ; ilustración Rafael Almanzar
260 _aSanto Domingo :
_bSM,
_c2013
300 _a191 p. :
_bil. ;
_c29 cm. +
_eCD- ROOM
490 1 _aProyecto Sé
504 _aBibliografía : p. 191
505 0 _gUnidad 1
_tLa ciencia: método y magnitudes --
_gUnidad 2
_tEstudio del movimiento y de las fuerzas --
_gUnidad 3
_tEnergía mecánica y trabajo --
_gUnidad 4
_tMecánica de fluidos y termodinámica --
_gUnidad 5
_tOndas y electricidad --
_tRepaso para las Pruebas Nacionales --
650 4 _aFÍSICA
_xENSEÑANZA SECUNDARIA
650 4 _aFÍSICA
_xEDUCACIÓN SECUNDARIA
650 4 _aEDUCACIÓN SECUNDARIA
_zREPÚBLICA DOMINICANA
650 4 _aFÍSICA
_xLIBROS DE TEXTOS
650 4 _aFÍSCA
_xESTUDIOS Y EJERCICIOS
700 1 2 _aSmester, Pablo
_ecolab.
700 1 2 _aAlmánzar, Rafael,
_eil.
700 1 2 _aCid, Henry
_eil.
830 0 _pProyecto Sé
910 _aValidado. Control de calidad MFF
942 _2ddc
_cBK
956 _aLOPEREZ
_b10
_220160704
_3BPMSU
_600041
999 _c10665
_d10665